000 01152cam a22002771i 4500
003 SA-RiAUC
005 20250315124409.0
008 241103s2009 jo g 000 0 ara c
040 _aEG-CaDAJ
_bara
_cSA-RiAUC
_erda
043 _aa-ye---
082 0 4 _a258.3
090 _a258.3
_bب ا ذ
100 1 _aباذيب، محمد بن أبي بكر بن عبد الله
_eمؤلف.
245 1 0 _aجهود فقهاء حضرموت في خدمة المذهب الشافعي /
_cمحمد بن أبي بكر بن عبد الله باذيب.
250 _aالطبعة الأولى.
264 1 _a[عمان، الأردن] :
_bدار الفتح للدراسات والنشر،
_c2009
300 _a2 مجلد
336 _aنص
_btxt
_2rdacontent
_3كتاب
337 _aبدون وسيط
_bn
_2rdamedia
338 _aمجلد
_bnc
_2rdacarrier
500 _aاهداء من المؤلف محمد بن أبي بكر بن عبد الله باذيب بتاريخ الاحد 17/ 3 /1435هـ
650 7 _aالفقه الشافعي
_zاليمن
_zحضرموت
_2aucsh
856 _au.
942 _2ddc
_cBOOK
_n0
949 _aSA-JeALM
_d241103
_umohamedma123
_n1
999 _c2199
_d2199